| 000 | 00419nam a22001697a 4500 | ||
|---|---|---|---|
| 003 | OSt | ||
| 008 | 240323b |||||||| |||| 00| 0 eng d | ||
| 020 | _a9788120813908 | ||
| 082 | _a284.5 PRT | ||
| 100 | _aPARSAD, RAMANANDA | ||
| 245 | _aTHE BHAGAVAD GITA | ||
| 250 |
_a2nd rev _b2014 |
||
| 260 |
_aNew Delhi _bMITILAL BANARSIDASS PUB |
||
| 300 | _axvi,329 | ||
| 650 | _aGeneral/Decentralization | ||
| 942 |
_2ddc _cREF |
||
| 999 |
_c12272 _d12272 |
||